书目信息 |
| 题名: |
安全生产实务
|
|
| 作者: | ;全国初级注册安全工程师职业资格考试试题分析小组 编 | |
| 分册: | 化工安全 | |
| 出版信息: | 北京 机械工业出版社 2022.01 |
|
| 页数: | 182页 | |
| 开本: | 26cm | |
| 丛书名: | ||
| 单 册: | ||
| 中图分类: | X93 | |
| 科图分类: | ||
| 主题词: | 化工安全--hua gong an quan--安全技术--资格考试--自学参考资料 | |
| 电子资源: | ||
| ISBN: | 978-7-111-69761-9 | |
| 000 | 01060nam0 2200241 450 | |
| 001 | 011025152903 | |
| 005 | 20221025152903.0 | |
| 010 | @a978-7-111-69761-9@dCNY59.00 | |
| 100 | @a20201004d2022 em y0chiy0120 ea | |
| 101 | 0 | @achi |
| 102 | @aCN@b110000 | |
| 105 | @ay z 000yy | |
| 106 | @ar | |
| 200 | 1 | @a安全生产实务@Aan quan sheng chan shi wu@i化工安全@e2022版@f全国初级注册安全工程师职业资格考试试题分析小组编 |
| 205 | @a第2版 | |
| 210 | @a北京@c机械工业出版社@d2022.01 | |
| 215 | @a182页@d26cm | |
| 300 | @a全国初级注册安全工程师职业资格考试辅导教材 | |
| 330 | @a本书以初级注册安全工程师职业资格考试大纲为依据,与考试命题信息相结合,具有较强的针对性、实用性和可操作性。本书包括安全生产管理、安全生产技术基础、化工安全技术、安全生产案例分析共四章内容。 | |
| 606 | 0 | @a化工安全@Ahua gong an quan@x安全技术@x资格考试@j自学参考资料 |
| 690 | @aX93@v5 | |
| 711 | 02 | @a全国初级注册安全工程师职业资格考试试题分析小组@Aquan guo chu ji zhu ce an quan gong cheng shi zhi ye zi ge kao shi shi ti fen xi xiao zu@4编 |
| 905 | @a河南城建学院图书馆@dX93@eQ8721 | |
| 安全生产实务.化工安全:2022版/全国初级注册安全工程师职业资格考试试题分析小组编.-第2版.-北京:机械工业出版社,2022.01 |
| 182页;26cm |
| 全国初级注册安全工程师职业资格考试辅导教材 |
| ISBN 978-7-111-69761-9:CNY59.00 |
| 本书以初级注册安全工程师职业资格考试大纲为依据,与考试命题信息相结合,具有较强的针对性、实用性和可操作性。本书包括安全生产管理、安全生产技术基础、化工安全技术、安全生产案例分析共四章内容。 |
| ● |
| 相关链接 |
|
|
|
正题名:安全生产实务
索取号:X93/Q8721
 
预约/预借
| 序号 | 登录号 | 条形码 | 馆藏地/架位号 | 状态 | 备注 |
| 1 | 1586306 | 215863064 | 自科库501/501自科库 121排1列5层/ [索取号:X93/Q8721] | 在馆 |